Central Library OPAC University of Rajshahi
Normal view MARC view

Entry Topical Term

Number of records used in: 2

001 - CONTROL NUMBER

  • control field: 2306

003 - CONTROL NUMBER IDENTIFIER

  • control field: BD-RjUL

005 - DATE AND TIME OF LATEST TRANSACTION

  • control field: 20220410120512.0

008 - FIXED-LENGTH DATA ELEMENTS

  • fixed length control field: 220410|| aca||aabn | a|a d

040 ## - CATALOGING SOURCE

  • Original cataloging agency: BD-RjUL
  • Transcribing agency: BD-RjUL

150 ## - HEADING--TOPICAL TERM

  • Topical term or geographic name entry element: Bengali Fiction
  • General subdivision: Language
  • Form subdivision: History and Criticism

670 ## - SOURCE DATA FOUND

  • Source citation: Work cat.: (BD-RjUL)79675: কামরুজ্জামান, মো : 2302, রবীন্দ্রনাথের ভ্রমন সাহিত্য :, ১৯৯৪